[Event "Washington Open Championship"]
[Site "Lynnwood, WA"]
[Date "2015.05.23"]
[Round "1"]
[White "Wilson Zuberi  (WA)"]
[Black "Mathews Daniel  (WA)"]
[Result "0-1"]
[WhiteElo "1488"]
[BlackElo "1691"]
[Annotator ""]
[Source ""]
[Remark "Reserve"]

1.e4 e6 2.d4 c5 3.Nf3 cxd4 4.Nxd4 Be7 5.Nc3 Nc6 6.a3 Nf6 7.Bc4
O-O 8.Be3 a6 9.f3 b5 10.Bb3 Bb7 11.Qd2 Rc8 12.O-O-O Na5 13.Kb1
Nc4 14.Bxc4 Rxc4 15.h4 Qa5 16.Nb3 Qc7 17.g4 Rd8 18.h5 b4 19.axb4
Bxb4 20.g5 Bxc3 21.bxc3 Nxe4 22.fxe4 Bxe4 23.Rhg1 Rxc3 24.Rc1
Rxb3+ 25.Ka2 Rc3 26.Qxc3 Qxc3 27.Bf4 e5 28.Bh2 Bd5+ 29.Kb1 Rb8# 0-1

[Event "Washington Open Championship"]
[Site "Lynnwood, WA"]
[Date "2015.05.23"]
[Round "1"]
[White "Varner Murlin  (WA)"]
[Black "Zhang Jason  (WA)"]
[Result "1-0"]
[WhiteElo "1639"]
[BlackElo "1471"]
[Annotator ""]
[Source ""]
[Remark "Reserve"]

1.e4 e5 2.Nf3 Nc6 3.Bb5 a6 4.Ba4 Nf6 5.Bxc6 dxc6 6.Nc3 Bd6 7.O-O
Bg4 8.d3 Qd7 9.Qe2 O-O-O 10.Bg5 h6 11.Bxf6 gxf6 12.Qe3 Kb8 13.Ne2
Rdg8 14.Ng3 h5 15.Nh4 Bh3 16.Ngf5 Bxf5 17.Nxf5 h4 18.h3 b6 19.Nxd6
Qxd6 20.Rad1 Rg6 21.Kh1 Rhg8 22.Rg1 Qe6 23.b3 f5 24.exf5 Qxf5
25.Rde1 Qd7 {?} 26.Qxe5 Kb7 27.Qf4 Qd5 28.Re4 Ka8 29.f3 Qd7 30.Qxh4
f5 31.Re7 Qd6 32.a4 Rg5 33.Re8+ Rxe8 34.Qxg5 Qc5 35.c4 Re3 36.b4
Qe5 37.Qd8+ Kb7 38.d4 Qg3 39.d5 c5 40.bxc5 bxc5 {??} 41.Qf6 Rxf3
42.Qc6+ Kb8 43.Rb1+ Kc8 44.Qe8# 1-0

[Event "Washington Open Championship"]
[Site "Lynnwood, WA"]
[Date "2015.05.23"]
[Round "1"]
[White "Gorantla Surya  (WA)"]
[Black "Fagundes Frank  (WA)"]
[Result "0-1"]
[WhiteElo "1404"]
[BlackElo "1792"]
[Annotator ""]
[Source ""]
[Remark "Premier"]

1.c4 Nf6 2.g3 d5 3.Nc3 d4 4.Nb1 Bd7 5.Bg2 Bc6 6.Nf3 e5 7.d3 Nbd7
8.O-O Be7 9.a3 a5 10.Re1 O-O 11.h3 Re8 12.e3 Bc5 13.e4 b5 14.b3
Nb6 15.Nbd2 bxc4 16.Nxc4 Nxc4 17.bxc4 Rb8 18.Bd2 a4 19.Qc1 Rb3
20.Bf1 Qd6 21.Bb4 Bxb4 22.axb4 Qxb4 23.Rb1 Nd7 24.Qc2 Qc3 25.Qa2
Reb8 26.Rec1 Qb4 27.Nd2 Rb2 28.Rxb2 Qxb2 29.Qxb2 Rxb2 30.Nf3
a3 31.Ra1 a2 32.Ne1 Nc5 33.Nf3 f6 34.Be2 Rb1+ 35.Rxb1 axb1Q+
36.Bf1 Nxd3 37.Nd2 Qc1 0-1

[Event "Washington Open Championship"]
[Site "Lynnwood, WA"]
[Date "2015.05.23"]
[Round "1"]
[White "Sweeden Holden  (WA)"]
[Black "Thakur Asher  (WA)"]
[Result "1-0"]
[WhiteElo "1659"]
[BlackElo "1097"]
[Annotator ""]
[Source ""]
[Remark "Booster"]

1.e4 c5 2.Nf3 Nc6 3.d4 cxd4 4.Nxd4 g6 5.c4 Bg7 6.Be3 Nf6 7.f3
Qa5+ 8.Nc3 Qb6 9.Nf5 Qxb2 10.Nxg7+ Kf8 11.Na4 Qe5 12.Bh6 Kg8
13.Be2 Qa5+ 14.Kf2 a6 15.c5 Qb4 16.Rb1 Qd4+ 17.Qxd4 Nxd4 18.Nb6
Rb8 19.e5 Nh5 20.Nxh5 gxh5 21.g4 hxg4 22.Rhg1 Nf5 23.Rxg4+ Ng7
24.Rxg7+ Kf8 25.Rg8+ Kxg8 26.Rg1# 1-0

[Event "Washington Open Championship"]
[Site "Lynnwood, WA"]
[Date "2015.05.23"]
[Round "1"]
[White "Kuhner Mary  (WA)"]
[Black "Zhang Zachary  (WA)"]
[Result "1-0"]
[WhiteElo "1843"]
[BlackElo "1638"]
[Annotator ""]
[Source ""]
[Remark "Premier"]

1.e4 e6 2.d4 d5 3.Nc3 Nf6 4.Bg5 Be7 5.e5 Nfd7 6.h4 h6 7.Bxe7
Qxe7 8.Nf3 a6 9.Be2 c5 10.Qd2 Nc6 11.O-O-O b5 12.Qf4 cxd4 13.Nxd4
Ndxe5 14.Qg3 Rg8 15.Rhe1 Kf8 16.f4 Nxd4 17.fxe5 Nf5 18.Qd3 Nxh4
19.g3 Ng6 20.Qd4 Bb7 21.Kb1 Rc8 22.Bh5 Ke8 23.Rd3 Rc4 24.Qf2
Qg5 25.Bxg6 fxg6 26.Rf1 Qe7 27.Rf3 Rc7 28.Ne2 g5 29.Nd4 Kd8 30.Qd2
Qe8 31.Qb4 Re7 32.Qd6+ Kc8 33.Rc3+ Bc6 34.Nxc6 Qf7 35.Nd8+ 1-0

[Event "Washington Open Championship"]
[Site "Lynnwood, WA"]
[Date "2015.05.23"]
[Round "1"]
[White "Chowdhury Neil  (WA)"]
[Black "Mitchell Mika  (WA)"]
[Result "0-1"]
[WhiteElo "1631"]
[BlackElo "1807"]
[Annotator ""]
[Source ""]
[Remark "Premier"]

1.c4 e5 2.g3 d6 3.Nc3 c6 4.Bg2 f5 5.d3 Nf6 6.e4 Be7 7.Nge2 O-O
8.O-O Na6 9.Rb1 fxe4 10.Nxe4 Nxe4 11.Bxe4 Nc5 12.Kg2 d5 13.cxd5
cxd5 14.Bf3 e4 15.dxe4 dxe4 16.Bh5 Qxd1 17.Rxd1 g6 18.Rd5 gxh5
19.Re5 Rxf2+ 20.Kxf2 Nd3+ 21.Ke3 Nxe5 22.Kxe4 Ng4 23.h4 Be6 24.b3
Rf8 25.Rb2 Bf5+ 26.Kd5 Rd8+ 27.Kc4 Bd3+ 0-1

[Event "Washington Open Championship"]
[Site "Lynnwood, WA"]
[Date "2015.05.23"]
[Round "1"]
[White "Kelley Dereque  (WA)"]
[Black "Eversole Joseph  (WA)"]
[Result "1-0"]
[WhiteElo "2208"]
[BlackElo "1900"]
[Annotator ""]
[Source ""]
[Remark "Open"]

1.d4 e6 2.c4 b6 3.a3 Bb7 4.Nc3 f5 5.d5 e5 6.e4 Qf6 7.exf5 Qxf5
8.Bd3 Qf7 9.Nf3 Bc5 10.Qe2 Ne7 11.Nxe5 Qf6 12.Nb5 O-O 13.Nxc7
Qd6 14.Nb5 Qf6 15.Ng4 Qf7 16.Be3 h5 17.Ne5 Qf6 18.Qxh5 Nf5 19.Bxf5
Qxf5 20.Qxf5 Rxf5 21.Nf3 Nc6 22.Bxc5 bxc5 23.Nd6 1-0

[Event "Washington Open Championship"]
[Site "Lynnwood, WA"]
[Date "2015.05.23"]
[Round "1"]
[White "Burt Gavin  (WA)"]
[Black "Shubin Daniel  (WA)"]
[Result "1/2-1/2"]
[WhiteElo "521"]
[BlackElo "1163"]
[Annotator ""]
[Source ""]
[Remark "Booster"]

1.e4 e6 2.d4 d5 3.Nc3 Bb4 4.e5 c5 5.a3 cxd4 6.Qxd4 Ba5 7.Qa4+
Bd7 8.Qb3 Qc7 9.Bd2 Qxe5+ 10.Be2 Qc7 11.Nf3 Nf6 12.O-O a6 13.Qa2
O-O 14.b4 Bb6 15.Nd1 Ne4 16.Rc1 Nxd2 17.Nxd2 Qe5 18.Re1 Qf4 19.c4
Ba4 20.c5 Bxd1 21.cxb6 Bxe2 22.Rxe2 Nc6 23.g3 Qd6 24.Nf3 Rac8
25.Qc2 Ne7 26.Qb1 Qxb6 27.Rxc8 Rxc8 28.Ng5 Ng6 29.Rc2 Rc6 30.h4
h6 31.Nf3 Qc7 32.Rxc6 Qxc6 33.Nd4 Qc3 34.Nxe6 fxe6 35.Qxg6 Qc1+
36.Kg2 Qc6 37.f3 d4 38.Kf2 Qc4 39.Qe4 1/2-1/2

[Event "Washington Open Championship"]
[Site "Lynnwood, WA"]
[Date "2015.05.23"]
[Round "1"]
[White "Zhang Derek  (WA)"]
[Black "Soetedjo James  (WA)"]
[Result "1-0"]
[WhiteElo "2122"]
[BlackElo "1866"]
[Annotator ""]
[Source ""]
[Remark "Open"]

1.e4 c5 2.Nf3 d6 3.d4 cxd4 4.Nxd4 Nf6 5.Nc3 a6 6.Bc4 e6 7.O-O
Be7 8.Bb3 O-O 9.Be3 e5 10.Nde2 Nbd7 11.Bg5 h6 12.Bh4 Nc5 13.Bxf6
Bxf6 14.Bd5 Be6 15.b4 Bxd5 16.Qxd5 Ne6 17.Qxb7 Nf4 18.Rae1 Qc8
19.Qxc8 Rfxc8 20.Nxf4 Rxc3 21.Nd5 Rxc2 22.a4 Rac8 23.f3 Bg5 24.Rf2
R2c4 25.g3 Rb8 26.Kg2 a5 27.b5 Rxa4 28.b6 Rc4 29.Ra2 Bd8 30.Rb1
a4 31.Rb5 Rb7 32.Ra5 Bxb6 33.Rb5 Rc6 34.Rxa4 Kh7 35.Rab4 Ra7
36.Rxb6 Rc2+ 37.Kh3 Raa2 38.Rxd6 Rxh2+ 39.Kg4 Rag2 40.Rb3 h5+
41.Kf5 Rxg3 42.Kxe5 Rf2 43.Kf4 h4 44.Rc6 Rgg2 45.Rc8 h3 46.Rbb8
h2 47.Ne7 g6 48.e5 g5+ 49.Ke4 Rg4+ 50.Kf5 Rf4+ 51.Kxg5 1-0

[Event "Washington Open Championship"]
[Site "Lynnwood, WA"]
[Date "2015.05.23"]
[Round "1"]
[White "Wilson Diallo  (WA)"]
[Black "Baxter Brent  (WA)"]
[Result "0-1"]
[WhiteElo "1721"]
[BlackElo "1935"]
[Annotator ""]
[Source ""]
[Remark "Premier"]

1.e4 c6 2.d4 d5 3.exd5 cxd5 4.Nf3 Nc6 5.Bf4 Bg4 6.c3 e6 7.Nbd2
Bd6 8.Bxd6 Qxd6 9.Be2 Nf6 10.O-O O-O 11.Ne5 Bxe2 12.Qxe2 Nd7
13.f4 f6 14.Nxd7 Qxd7 15.Nb3 b6 16.Rfe1 Rae8 17.Rac1 e5 18.dxe5
fxe5 19.fxe5 Nxe5 20.Qh5 Rf5 21.Qh3 Nf3+ 22.Qxf3 Rxf3 23.Rxe8+
Qxe8 0-1

[Event "Washington Open Championship"]
[Site "Lynnwood, WA"]
[Date "2015.05.23"]
[Round "1"]
[White "Ahluwalia Anshul  (WA)"]
[Black "Puri Ishaan  (WA)"]
[Result "1/2-1/2"]
[WhiteElo "1484"]
[BlackElo "1774"]
[Annotator ""]
[Source ""]
[Remark "Premier"]

1.d4 Nf6 2.c4 g6 3.Nf3 Bg7 4.g3 O-O 5.Bg2 d6 6.O-O Nc6 7.h3 e6
8.Nc3 Nd7 9.Be3 e5 10.Rc1 a6 11.Qd2 Rb8 12.d5 Ne7 13.Bh6 Nf6
14.Bxg7 Kxg7 15.a4 b6 16.b4 Re8 17.b5 a5 18.g4 Neg8 19.e4 Bd7
20.Ne1 Qc8 21.f3 Ne7 22.Nd3 Rh8 23.f4 1/2-1/2

[Event "Washington Open Championship"]
[Site "Lynnwood, WA"]
[Date "2015.05.23"]
[Round "2"]
[White "Smith Catherine (WA)"]
[Black "Varner Murlin  (WA)"]
[Result "1/2-1/2"]
[WhiteElo "1531"]
[BlackElo "1639"]
[Annotator ""]
[Source ""]
[Remark "Reserve"]

1.e4 e6 2.d4 d5 3.exd5 exd5 4.Nf3 Nf6 5.Bd3 Be7 6.O-O Bg4 7.h3
Bxf3 8.Qxf3 Nc6 9.Bb5 O-O 10.Bxc6 bxc6 11.Bg5 Ne4 12.Bf4 Bd6
13.Nd2 Ng5 14.Qg3 Bxf4 15.Qxf4 Ne6 16.Qe3 Qf6 17.c3 Rfe8 18.Rfe1
Kf8 19.Qd3 g6 20.Re3 Nf4 21.Qf1 Rab8 22.Rxe8+ Rxe8 23.Re1 Rxe1
( 23...Nxh3+ 24.gxh3 Qg5+ 25.Kh2 Qxd2 ) 24.Qxe1 Nd3 25.Qe2 Qf5
26.Nf3 Nf4 27.Qe5 Nxh3+ 28.gxh3 Qxf3 29.Qh8+ Ke7 30.Qxh7 Qd1+
31.Kg2 Qe2 32.Qh4+ Ke8 33.Qh8+ Kd7 34.Qb8 Qe4+ 35.Kg3 Qd3+ 36.Kg2
a5 37.Qf8 Qe4+ 38.Kg3 Qf5 39.Qa3 Qg5+ 40.Kh2 Qf4+ 41.Kg2 Qe4+
42.Kg3 Qd3+ 43.Kg2 Qe4+ 1/2-1/2

[Event "Washington Open Championship"]
[Site "Lynnwood, WA"]
[Date "2015.05.23"]
[Round "1"]
[White "Zhang Brendan  (WA)"]
[Black "Sinanan Joshua  (WA)"]
[Result "1/2-1/2"]
[WhiteElo "1963"]
[BlackElo "2271"]
[Annotator ""]
[Source ""]
[Remark "Open"]

1.d4 Nf6 2.c4 e6 3.Nc3 Bb4 4.Qc2 O-O 5.e3 d5 6.Nf3 c5 7.a3 Bxc3+
8.bxc3 b6 9.cxd5 exd5 10.Be2 Ba6 11.a4 Bxe2 12.Qxe2 c4 13.O-O
Nc6 14.Qc2 Re8 15.Ba3 Qd7 16.Rfe1 Ne4 17.Nd2 Nxd2 18.Qxd2 Na5
19.Rab1 Qxa4 20.Bb4 Nb3 21.Qc2 Rad8 22.Ra1 Qxa1 23.Rxa1 Nxa1
24.Qa2 Nb3 25.Qa6 Rd7 26.h3 f6 27.e4 Nd2 28.f3 dxe4 29.fxe4 Nxe4
30.Qxc4+ Kh8 31.Qc6 Rdd8 32.c4 a5 33.Ba3 Nd2 34.Qb5 Re3
( 34...Re1+ ) 35.Qxb6 Rde8 36.Qc5 Nxc4 ( 36...h6 ) 37.Qxc4 Rxa3
38.d5 Ra1+ 39.Kh2 Rb1 40.Qa4 Ra8 41.d6 Rb4 42.Qc6 Rbb8 43.Qa4
Rd8 44.Qa3 a4 45.Kg3 Ra6 46.d7 h6 47.Kf4 Ra7 48.Kf5 Rdxd7 49.Kg6
Rd8 50.Qc5 Rda8 51.Qa3 Ra5 52.h4 Re5 53.g3 h5 54.Qf3 Rea5 1/2-1/2

[Event "Washington Open Championship"]
[Site "Lynnwood, WA"]
[Date "2015.05.23"]
[Round "1"]
[White "Bulakh Nikolay  (WA)"]
[Black "He Daniel  (WA)"]
[Result "0-1"]
[WhiteElo "1950"]
[BlackElo "2253"]
[Annotator ""]
[Source ""]
[Remark "Open"]

1.e4 c5 2.Nf3 e6 3.d4 cxd4 4.Nxd4 a6 5.c4 Nf6 6.Nc3 Qc7 7.Be3
Bb4 8.Bd3 Bxc3+ 9.bxc3 d6 10.O-O Nbd7 11.Qa4 Rb8 12.Rab1 O-O
13.f4 Ng4 14.Bc1 e5 15.Nf5 Nc5 16.Qd1 Bxf5 17.exf5 Nxd3 18.Qxd3
Qc5+ 19.Kh1 Nf2+ 20.Rxf2 Qxf2 21.Bd2 e4 22.Rf1 exd3 23.Rxf2 b5
24.cxb5 Rxb5 25.g4 Rb2 26.a4 Re8 27.Kg1 Ra2 28.c4 Rxa4 0-1

[Event "Washington Open Championship"]
[Site "Lynnwood, WA"]
[Date "2015.05.23"]
[Round "1"]
[White "Wang James  (WA)"]
[Black "Dixon Dakota  (WA)"]
[Result "0-1"]
[WhiteElo "1874"]
[BlackElo "2137"]
[Annotator ""]
[Source ""]
[Remark "Open"]

1.e4 c5 2.Nf3 Nc6 3.d4 cxd4 4.Nxd4 Nf6 5.Nc3 d6 6.Be2 e5 7.Nb3
h6 8.O-O Be7 9.f4 exf4 10.Bxf4 Ne5 11.Qd4 Nc6 12.Qd1 O-O 13.Nd5
Nxd5 14.exd5 Ne5 15.Bxe5 dxe5 16.c4 b6 17.Bf3 Bd6 18.Qc2 f5 19.Nd2
e4 20.Be2 Qh4 21.g3 Bxg3 22.hxg3 Qxg3+ 23.Kh1 Qh3+ 24.Kg1 Rf6
25.Nxe4 Rg6+ 26.Kf2 fxe4 27.Ke1 Qh4+ 28.Kd1 Rg2 29.Qa4 Bg4 30.Re1
Bxe2+ 31.Rxe2 Qh1+ 32.Re1 Qh5+ 33.Kc1 Qg5+ 34.Kb1 Qd2 0-1

[Event "Washington Open Championship"]
[Site "Lynnwood, WA"]
[Date "2015.05.23"]
[Round "1"]
[White "Norovsambuu Badamkhand  (WA)"]
[Black "Cozianu Costin  (WA)"]
[Result "0-1"]
[WhiteElo "2034"]
[BlackElo "2455"]
[Annotator ""]
[Source ""]
[Remark "Open"]

1.d4 f5 2.c4 Nf6 3.Nc3 e6 4.Nf3 Bb4 5.Bg5 h6 6.Bd2 O-O 7.e3 Bxc3
8.Bxc3 Ne4 9.Bd3 Nxc3 10.bxc3 d6 11.h4 Nc6 12.h5 e5 13.Bc2 Qf6
14.Nh4 Ne7 15.Qd3 c5 16.O-O-O Be6 17.f3 cxd4 18.cxd4 Rac8 19.d5
Bd7 20.g4 b5 21.Nxf5 Nxf5 22.gxf5 Rxc4 23.e4 Rfc8 24.Rh2 Rc3
25.Qf1 Be8 26.Rdd2 a5 27.Kb2 a4 28.Bd3 a3+ 29.Kb1 Qg5 30.Bc2
b4 31.Qe2 Qe3 32.Qf2 b3 33.Qxe3 bxc2+ 34.Rxc2 Rb8+ 35.Rb2 Rxb2+
36.Rxb2 Rxe3 37.Rb6 Ba4 0-1

[Event "Washington Open Championship"]
[Site "Lynnwood, WA"]
[Date "2015.05.23"]
[Round "1"]
[White "Ramasamy Vikram  (WA)"]
[Black "Pupols Viktors  (WA)"]
[Result "1-0"]
[WhiteElo "1888"]
[BlackElo "2207"]
[Annotator ""]
[Source ""]
[Remark "Open"]

1.e4 c6 2.d4 d5 3.Nd2 dxe4 4.Nxe4 Nd7 5.Nf3 Ngf6 6.Ng3 e6 7.Bd3
c5 8.c3 Be7 9.O-O O-O 10.Re1 b6 11.Qe2 Bb7 12.Ng5 Qc7 13.Nxe6
fxe6 14.Qxe6+ Kh8 15.Nf5 cxd4 16.Qxe7 Rg8 17.Nd6 Bd5 18.cxd4
Rgf8 19.Bf4 Qd8 20.Qxd8 Raxd8 21.Bg3 Bg8 22.b3 Nb8 23.Rac1 Nd5
24.Bf5 Nb4 25.Bb1 N4c6 26.Rcd1 Nd7 27.d5 Ncb8 28.Re7 Na6 29.Bf5
Nab8 30.Nb7 Rde8 31.Rxe8 Rxe8 32.Bxb8 Rxb8 33.Bxd7 Rxb7 34.Be6
Rb8 35.f4 g6 36.g4 Rd8 37.Rc1 1-0

[Event "Washington Open Championship"]
[Site "Lynnwood, WA"]
[Date "2015.05.23"]
[Round "1"]
[White "Deng Samuel  (WA)"]
[Black "Hasuike Mike  (OR)"]
[Result "1-0"]
[WhiteElo "1266"]
[BlackElo "1500"]
[Annotator ""]
[Source ""]
[Remark "Reserve"]

1.d4 Nf6 2.c4 e5 3.dxe5 Ne4 4.Nf3 Bb4+ 5.Nbd2 Nc6 6.a3 Bxd2+
7.Nxd2 Nxd2 8.Bxd2 b6 9.g3 Bb7 10.Bg2 Qe7 11.O-O O-O-O 12.b4
Nxe5 13.Qc2 Bxg2 14.Kxg2 d6 15.Rfc1 Rhe8 16.a4 Ng4 17.e3 Qf6
18.Bc3 Qg6 19.Qxg6 fxg6 20.Bxg7 Rd7 21.Bc3 Rf7 22.Ra2 Ref8 23.Rcc2
Rf3 24.h3 Nxe3+ 25.fxe3 Rxe3 26.Bd4 Re1 27.c5 Re4 28.Rd2 dxc5
29.bxc5 Rf5 30.c6 Rd5 31.Bf6 Rd6 32.Rxd6 cxd6 33.a5 Rc4 34.axb6
axb6 35.Ra8+ Kc7 36.Bd8+ Kxc6 37.Rc8+ Kd5 38.Rxc4 Kxc4 39.Bxb6
Kd3 40.Kf3 d5 41.Kf4 Ke2 42.Kg5 Kf3 43.g4 Kg3 44.Kh6 Kxh3 45.g5
Kg4 46.Ba5 d4 47.Bd2 Kf3 48.Kxh7 Ke2 49.Ba5 d3 50.Kxg6 1-0

[Event "Washington Open Championship"]
[Site "Lynnwood, WA"]
[Date "2015.05.23"]
[Round "1"]
[White "Tiglon Bryce  (WA)"]
[Black "Arganian David (WA)"]
[Result "1-0"]
[WhiteElo "2293"]
[BlackElo "2015"]
[Annotator ""]
[Source ""]
[Remark "Open"]

1.d4 Nf6 2.c4 e6 3.Nc3 d5 4.Bg5 c6 5.e3 Nbd7 6.cxd5 exd5 7.Qc2
Be7 8.Rc1 O-O 9.Bd3 c5 10.dxc5 Nxc5 11.Nge2 Nxd3+ 12.Qxd3 Bg4
13.O-O Re8 14.Nb5 Rc8 15.Rxc8 Qxc8 16.Bxf6 gxf6 17.Nf4 Qc4 18.Qxc4
dxc4 19.Nd5 Bd8 20.Nxa7 Re5 21.Nc3 Kf8 22.Nab5 Ke7 23.h3 Bd7
24.Nd4 Ke8 25.Rd1 f5 26.Nde2 Bc6 27.a3 h6 28.Rd6 Re6 29.Rd2 Rg6
30.Nf4 Rg8 31.Ncd5 b5 32.Kf1 Be7 33.g3 Rh8 34.Ke2 Bd6 35.Nh5
Kd7 36.Ng7 Rb8 37.Nxf5 Ke6 38.e4 Bf8 39.Nd4+ Kd7 40.Nf6+ Kc7
41.Nxc6 Kxc6 42.Nd7 Re8 43.Nxf8 Rxf8 44.Ke3 Rb8 45.Rd4 1-0

[Event "Washington Open Championship"]
[Site "Lynnwood, WA"]
[Date "2015.05.23"]
[Round "1"]
[White "Carpenter Romie  (MT)"]
[Black "Shaji Karthik  (WA)"]
[Result "1/2-1/2"]
[WhiteElo "1800"]
[BlackElo "1604"]
[Annotator ""]
[Source ""]
[Remark "Premier"]

1.Nf3 Nf6 2.c4 g6 3.g3 Bg7 4.Bg2 d5 5.cxd5 Nxd5 6.Nc3 Nb6 7.O-O
O-O 8.d3 Nc6 9.Be3 e5 10.Qd2 Re8 11.Rac1 Qe7 12.Bh6 Bh8 13.Bg5
f6 14.Be3 Be6 15.Qc2 Rad8 16.a3 Nd4 17.Bxd4 exd4 18.Nb5 c6 19.Nbxd4
Bf7 20.Rfe1 f5 21.Nb3 Qf6 22.Nc5 Re7 23.d4 Bd5 24.e3 Nc4 25.Nd2
Bxg2 26.Kxg2 Nd6 27.Qb3+ Kf8 28.Nc4 Nf7 29.Nxb7 Rb8 30.Nca5 Nd8
31.Qa4 Nxb7 32.Nxc6 Rbe8 33.Nxe7 Qxe7 34.Rc2 Qe4+ 35.Kg1 Bxd4
36.Qb4+ Kg8 37.Rec1 Bb6 38.Qc4+ Qxc4 39.Rxc4 Nd6 40.Rc6 Ne4 41.Rc8 1/2-1/2

[Event "Washington Open Championship"]
[Site "Lynnwood, WA"]
[Date "2015.05.23"]
[Round "1"]
[White "Cohen Jed  (WA)"]
[Black "Rajagopal Maneesh  (WA)"]
[Result "1/2-1/2"]
[WhiteElo "1391"]
[BlackElo "1519"]
[Annotator ""]
[Source ""]
[Remark "Reserve"]

1.d4 Nf6 2.c4 e6 3.Nc3 Bb4 4.a3 Bxc3+ 5.bxc3 c5 6.Nf3 b6 7.Bg5
O-O 8.e4 h6 9.Bxf6 Qxf6 10.e5 Qe7 11.Be2 Rd8 12.O-O d6 13.exd6
Rxd6 14.Ne5 Bb7 15.Bf3 Nc6 16.Bxc6 Bxc6 17.Nxc6 Rxc6 18.Qf3 Rac8
19.d5 Rd6 20.Rad1 Qb7 21.Rd3 Qa6 22.dxe6 Rxe6 23.Rd7 Rf6 24.Qb7
Qxb7 25.Rxb7 Ra8 26.Rd1 a6 27.h3 Re8 28.Rb1 Re4 29.R1xb6 Rxb6
30.Rxb6 Rxc4 31.Rxa6 Rxc3 32.Rc6 Rxa3 33.Rxc5 g6 34.g3 Kg7 35.Kg2
Ra4 36.h4 h5 37.Rb5 Re4 38.f4 Kf6 39.Kf3 Re1 40.Rb6+ Kf5 41.Rb5+
Kf6 42.Rb6+ Kg7 43.Kf2 Rd1 44.Ke2 Rc1 45.Rd6 Rc2+ 46.Ke3 Rc3+
47.Kf2 Rc2+ 1/2-1/2

[Event "Washington Open Championship"]
[Site "Lynnwood, WA"]
[Date "2015.05.24"]
[Round "3"]
[White "Cohen Jed  (WA)"]
[Black "Yeo Joey  (WA)"]
[Result "0-1"]
[WhiteElo "1391"]
[BlackElo "1489"]
[Annotator ""]
[Source ""]
[Remark "Reserve"]

1.d4 Nf6 2.c4 g6 3.Nc3 Bg7 4.e4 d6 5.Nf3 O-O 6.b3 Nbd7 7.Be3
b6 8.Bd3 Bb7 9.O-O Rc8 10.Qd2 Re8 11.Bh6 Bh8 12.Rfe1 a6 13.Qe3
c5 14.d5 Qc7 15.Qf4 Nh5 16.Qe3 Ne5 17.Nxe5 Bxe5 18.f4 Bd4 0-1

[Event "Washington Open Championship"]
[Site "Lynnwood, WA"]
[Date "2015.05.24"]
[Round "4"]
[White "Varner Murlin  (WA)"]
[Black "Beck Alec  (WA)"]
[Result "1-0"]
[WhiteElo "1639"]
[BlackElo "1424"]
[Annotator ""]
[Source ""]
[Remark "Reserve"]

1.c4 c5 2.Nc3 Nf6 3.g3 d6 4.Bg2 g6 5.Nf3 Bg7 6.O-O O-O 7.d4 Nc6
8.d5 Nb8 9.Bg5 Bg4 10.Qd2 Nbd7 11.Bh6 Bxf3 12.Bxf3 Ne5 13.b3
Nxf3+ 14.exf3 Nd7 15.Rac1 Ne5 16.Kg2 Qd7 17.Bxg7 Kxg7 18.Ne2
Qf5 19.Qc3 Qd3 20.Qxd3 Nxd3 21.Rc3 Ne5 22.f4 Ng4 23.h3 Nf6 24.g4
Nd7 25.Ng3 f6 26.Re3 Rae8 27.Rfe1 Kf7 28.h4 Nb6 29.h5 g5 30.fxg5
fxg5 31.Rf3+ ( 31.Nf5 ) Kg8 32.Nf5 Nc8 33.Rfe3 Kf7 34.Re6 a6
35.a4 a5 36.Kg3 Rh8 37.f4 gxf4+ 38.Kxf4 Rhf8 39.g5 b6 40.Rg1
Kg8 41.g6 Rxf5+ 42.Kxf5 Rf8+ 43.Kg5 hxg6 44.Rxg6+ Kh7 45.Rg3
Kh8 46.h6 ( 46.Kh6 ) Kh7 47.Rg7+ Kh8 48.Kh5 Rf5+ 49.R3g5 Rxg5+
50.Kxg5 e5 51.dxe6 d5 52.cxd5 c4 53.bxc4 b5 54.cxb5 Nd6 55.Ra7
Kg8 56.Kg6 Kf8 57.h7 Nf7 58.Rxf7+ Ke8 59.h8Q# 1-0

[Event "Washington Open Championship"]
[Site "Lynnwood, WA"]
[Date "2015.05.23"]
[Round "1"]
[White "Dietz Arliss  (OR)"]
[Black "Huang Marc  (WA)"]
[Result "0-1"]
[WhiteElo "1534"]
[BlackElo "1406"]
[Annotator ""]
[Source ""]
[Remark "Reserve"]

1.e4 e5 2.Nf3 Nc6 3.d4 exd4 4.Nxd4 Bc5 5.Nb3 Bb6 6.Nc3 Nf6 7.Be2
Qe7 8.f3 d6 9.a3 a6 10.Qd3 O-O 11.Be3 Bxe3 12.Qxe3 d5 13.Bd3
Re8 14.Kf2 Bf5 15.g4 Bxg4 16.Qf4 dxe4 17.fxg4 exd3 18.cxd3 Ne5
19.Qd2 Nfxg4+ 20.Kg3 Nh6 21.Ne4 Ng6 22.Rhf1 Rad8 23.Rad1 Qh4+
24.Kg2 Ng4 25.h3 N4e5 26.Nc1 Nc4 27.Qb4 Nf4+ 28.Rxf4 Qxf4 29.Qxc4
Qe5 30.Rf1 Rf8 31.Qb3 Kh8 32.Qxb7 Rb8 33.Qxa6 Rxb2+ 34.Rf2 Rxf2+
35.Nxf2 Qg5+ 36.Kh2 Qxc1 37.a4 h6 38.Qb5 Qf4+ 39.Kg2 Qg5+ 40.Qxg5
hxg5 41.Kf3 Ra8 42.Ne4 Rxa4 43.Nxg5 f6 44.Ne4 Ra3 45.Ke3 Kh7
46.Kd4 Ra4+ 47.Kd5 Ra3 48.Kc4 Kg6 49.Nc5 Ra1 50.Ne6 Rc1+ 51.Kd5
c6+ 52.Kd4 Kh6 53.Ke4 Re1+ 54.Kf5 Re5+ 0-1

[Event "Washington Open Championship"]
[Site "Lynnwood, WA"]
[Date "2015.05.23"]
[Round "1"]
[White "Haining Breck  (WA)"]
[Black "Wilke Daniel  (WA)"]
[Result "0-1"]
[WhiteElo "1311"]
[BlackElo "884"]
[Annotator ""]
[Source ""]
[Remark "Booster"]

1.e4 e5 2.Nf3 Nf6 3.Nxe5 Qe7 4.Nf3 Qxe4+ 5.Qe2 Nc6 6.a3 Bc5 7.d3
Qxe2+ 8.Bxe2 Ng4 9.O-O Nxf2 10.Rxf2 Bxf2+ 11.Kxf2 d6 12.Nbd2
Bg4 13.c3 O-O-O 14.Nc4 Bxf3 15.Bxf3 Ne5 16.Nxe5 dxe5 17.Ke3 f5
18.Bd2 g5 19.h3 Rd6 20.Rd1 Re8 21.Bh5 Re7 22.Ke2 h6 23.Be3 b6
24.d4 exd4 25.Rxd4 Rxd4 26.cxd4 f4 27.Bf3 Rxe3+ 28.Kd2 Kd7 29.Bg4+
Kd6 30.Bf3 c5 31.dxc5+ Kxc5 32.Be2 b5 33.Bd3 a5 34.Kc2 Rg3 35.Be4
h5 36.Bf3 g4 37.hxg4 hxg4 38.Be4 f3 39.gxf3 gxf3 40.Bd3 f2 41.Be2
Rg1 42.b3 f1Q 43.Bxf1 Rxf1 44.Kc3 Rf3+ 45.Kc2 Kd4 46.b4 Rxa3
47.bxa5 Rxa5 48.Kb3 Ra4 49.Kb2 b4 50.Kb3 Ra8 51.Kb2 Kc4 52.Kc2
Ra2+ 53.Kd1 b3 54.Kc1 Kd3 55.Kb1 Kc3 56.Kc1 Ra1# 0-1

[Event "Washington Open Championship"]
[Site "Lynnwood, WA"]
[Date "2015.05.23"]
[Round "1"]
[White "Schill William  (WA)"]
[Black "Krasin Jeremy  (WA)"]
[Result "1-0"]
[WhiteElo "2245"]
[BlackElo "1938"]
[Annotator ""]
[Source ""]
[Remark "Open"]

1.e4 e6 2.d4 d5 3.Nc3 Nf6 4.e5 Nfd7 5.f4 c5 6.Nf3 Nc6 7.Be3 a6
8.Qd2 Qc7 9.dxc5 Nxc5 10.Qf2 b6 11.O-O-O Bd7 12.Kb1 Be7 13.Qg3
g6 14.f5 Nb4 15.Nd4 Rc8 16.f6 Bf8 17.Rc1 b5 18.Nb3 Nxb3 19.cxb3
Qa5 20.a3 Nc6 21.b4 Qc7 22.Bf4 h5 23.Nxd5 Qb7 24.Nc3 Nd4 25.Bd3
Nf5 26.Qf2 Bc6 27.Ne4 Rd8 28.Nc5 Qb6 29.Rhd1 Bxc5 30.bxc5 Qb7
31.Bxf5 Rxd1 32.Rxd1 gxf5 33.Qg3 Be4+ 34.Ka1 Qc6 35.Qg7 Rf8 36.Bh6
Qxc5 37.Qxf8+ Qxf8 38.Bxf8 Bxg2 39.Rg1 Be4 40.Rg8 Kd7 41.Rg7
Ke8 42.Bc5 f4 43.b4 Bg6 44.Kb2 Kd7 45.Kc3 Kc6 46.Rxg6 1-0

[Event "Washington Open Championship"]
[Site "Lynnwood, WA"]
[Date "2015.05.23"]
[Round "1"]
[White "Haining Kyle  (WA)"]
[Black "Zhang Eric  (WA)"]
[Result "1-0"]
[WhiteElo "2139"]
[BlackElo "1880"]
[Annotator ""]
[Source ""]
[Remark "Open"]

1.e4 c5 2.Nf3 Nc6 3.d4 cxd4 4.Nxd4 g6 5.c4 Nf6 6.Nc3 d6 7.Be2
Nxd4 8.Qxd4 Bg7 9.Be3 O-O 10.Qd2 a5 11.O-O a4 12.Rac1 Qa5 13.f3
Be6 14.b3 axb3 15.axb3 Rfc8 16.Rc2 Nd7 17.Rb1 Qb4 18.Nb5 Qxd2
19.Bxd2 Ne5 20.Nc3 Nc6 21.Rcc1 Nd4 22.Bd1 Nc6 23.Be3 Bxc3 24.Rxc3
Nb4 25.Bd4 f5 26.Re3 Bd7 27.Bc3 f4 28.Re2 Nc6 29.Rd2 Be8 30.Be2
Ra3 31.Bd1 Rca8 32.Kf2 Ra2 33.Ke2 Rxd2+ 34.Kxd2 Ra2+ 35.Rb2 Rxb2+
36.Bxb2 Kf7 37.Bc3 e5 38.b4 b6 39.Bb3 Kf6 40.Kd3 Ne7 41.Be1 g5
42.Kc3 Ng6 43.Bf2 b5 44.cxb5 Bxb5 45.Bc4 Bc6 46.b5 Bb7 47.Bd5
Bc8 48.b6 Ne7 49.Ba8 Ba6 50.Kb4 Nc8 51.b7 Bxb7 52.Bxb7 Ne7 53.Kc4
Ke6 54.Kb5 Kd7 55.Bd5 h6 56.Kb6 h5 57.h3 h4 58.Kb7 Ng6 59.Bc6+
Ke7 60.Kc7 Nf8 61.Bd5 Nh7 62.Be1 Nf6 63.Bc6 Nh7 64.Bb4 Nf6 65.Bxd6+
Ke6 66.Bc5 Nh5 67.Bd5+ Kf6 68.Kd7 1-0